000 nam a22 7a 4500
999 _c10058
_d10058
008 180209b ||||| |||| 00| 0 eng d
100 _aGoyal brothers prakashan
_96083
245 _aMy first atlas for primary classes
260 _aNew delhi
_bGoyal brothers prakashan
_c2004